000 00592nam a2200181 4500
001 114034
003 ES-MaACL
005 20231221192827.0
007 t|
008 061121s1911 sp r ||||1| spa d
100 1 _aPainter, Franklin Verzelins Newton.
_988333
245 1 0 _aHistoria de la pedagogía /
_cFranklin V. N. Painter ; traducción del inglés por Domingo Barnés.
260 _aMadrid :
_bAntonio G. Izquierdo,
_c1911.
300 _aVIII, 414 p. ;
_c19 cm.
700 1 _aBarnés, Domingo,
_d1879-1940
_925714
852 _aES-MaACL
_jF-9719
999 _c114034
_d114034